Misspelled Typing Challenge Quiz Stats

 Plays Quiz Updated Jan 20, 2017

Support Sporcle.
Go Orange.
Score 0/40 Timer 01:30
1 Play Today
Word Same Word % Correct
????
100%
????
98.2%
????
97%
????
96.3%
????
95.7%
????
95.4%
????
94.9%
????
94.5%
????
93.7%
????
93.3%
????
92.5%
????
91.6%
????
90.8%
????
89.7%
????
88.3%
????
86.3%
????
84.4%
????
81.9%
????
79.1%
????
76.6%
Word Same Word % Correct
????
72.4%
????
68.1%
????
60.4%
????
57.4%
????
54.5%
????
51.1%
????
46.8%
????
41.5%
????
36.8%
????
32.4%
????
28.3%
????
24.2%
????
21.3%
????
17.7%
????
12.2%
????
8.1%
????
5.8%
????
5%
????
4.1%
????
2.9%

You're not logged in!

Compare scores with friends on all Sporcle quizzes.
OR
Log In
Forgot?

From the Vault

Mixed Word Labyrinth

by betraisefold

Honestly, we have 'mixed' feelings about this quiz.
Remove Ads.
Support Sporcle.
Get the best of Sporcle when you Go Orange. This ad-free experience offers more features, more stats, and more fun while also helping to support Sporcle. Thank you for becoming a member.

Show Comments

Extras

Top Quizzes Today


Score Distribution

Your Account Isn't Verified!

In order to create a playlist on Sporcle, you need to verify the email address you used during registration. Go to your Sporcle Settings to finish the process.

Report this User

Report this user for behavior that violates our Community Guidelines.

Details: